Smädná

Podrobná bibliografia
Hlavný autor: Haugová, Mila, 1942- (Autor)
Médium: Článok
Jazyk:slovenčina
Predmet:

MARC

LEADER 00000nab a2200000 a 4500
001 vtls000306615
003 SK-MaSNL
005 20260304013839.0
008 241209c1988 xo 0 slo
015 |a SNBRB19rr/mm-uuuuu 
035 |a CL0316734 
035 |a urn:nbn:sk:snk-abemgc 
035 |a (urnnbn)urn:nbn:sk:snk:ar-0006ec 
035 |a (uuid)2170cdc7-7bab-4257-894d-984aa54d8611 
040 |a SNKBUCL  |b slo  |c SNKBUCL  |e AACR2 
041 0 |a slo 
044 |a xo  |c SK 
080 |a 885.4-1  |2 1981 
100 1 |a Haugová, Mila,  |d 1942-  |4 aut  |9 90543 
245 1 0 |a Smädná  |c Mila Haugová 
655 7 |a slovenská poézia  |2 snkbucl  |9 70444 
655 7 |a články z novín a časopisov  |2 snkbucl  |9 267496 
655 7 |a články z odboru literárna veda a krásna literatúra  |2 snkbucl  |9 770045 
773 0 |t Slovenské pohľady  |g Roč. 104, č. 2 (1988), s. 84 
850 |a Slovenská národná knižnica 
852 |a Slovenská národná knižnica 
958 |a RK 
958 |a LX 
958 |a OND 
958 |a EUIPO 
958 |a article27 
992 |a RBX 
999 |c 2578709  |d 2580639